[Event "LEM 2017"]
[Site "Magdeburg"]
[Date "2017.05.25"]
[Round "1.1"]
[White "Paul, Johannes"]
[Black "Schuetze, Norman"]
[Result "1-0"]
[WhiteElo "2304"]
[BlackElo "2290"]
[PlyCount "65"]
[EventDate "2017.??.??"]
[WhiteTeam "SG AE Magdeburg"]
[BlackTeam "SG 1871 Löberitz"]

1. d4 Nf6 2. c4 g6 3. Nc3 Bg7 4. e4 d6 5. Be2 O-O 6. Nf3 e5 7. Be3 exd4 8. Nxd4
Re8 9. f3 c6 10. Bf2 d5 11. exd5 cxd5 12. O-O Nc6 13. c5 Bf8 14. Kh1 Bd7 15. a3
Rc8 16. b4 Nh5 17. Qd2 Nxd4 18. Bxd4 Qh4 19. Bf2 Qf4 20. Rad1 Qxd2 21. Rxd2 Nf4
22. Bd1 b6 23. g3 Nh3 24. Nxd5 Nxf2+ 25. Rfxf2 Kg7 26. cxb6 Bh3 27. Rfe2 axb6
28. Rxe8 Rxe8 29. Be2 Ra8 30. Rd3 Rc8 31. Kg1 Rc2 32. Kf2 Bd6 33. Ne3 1-0

[Event "LEM 2017"]
[Site "?"]
[Date "2017.05.25"]
[Round "1.2"]
[White "Ozeran, Volodymyr"]
[Black "Goergens, Michael"]
[Result "1/2-1/2"]
[WhiteElo "2119"]
[BlackElo "2021"]
[PlyCount "142"]
[EventDate "2017.??.??"]

1. d4 Nf6 2. Nf3 g6 3. g3 Bg7 4. Bg2 O-O 5. O-O d6 6. c4 Nbd7 7. Nc3 c6 8. b3
e5 9. dxe5 dxe5 10. e4 Qc7 11. Ba3 Re8 12. Qc2 Bf8 13. Bb2 Nh5 14. Rad1 f6 15.
Rd2 Nc5 16. b4 Ne6 17. b5 Nhg7 18. Rfd1 g5 19. h3 h5 20. Qc1 Qf7 21. Ba3 Nc5
22. Bxc5 Bxc5 23. Na4 Bb4 24. Rc2 Be6 25. a3 Be7 26. bxc6 bxc6 27. Bf1 Rab8 28.
Qe3 Qf8 29. Rc3 Rb7 30. c5 Reb8 31. Nd2 Qd8 32. Qd3 Rd7 33. Qc2 Rd4 34. Nb2 Qd7
35. Nd3 Bxh3 36. Nf3 Bg4 37. Nxd4 Bxd1 38. Qxd1 Qxd4 39. Rb3 Rd8 40. Rb4 Qc3
41. Qb3+ Qxb3 42. Rxb3 Ne6 43. Rb7 Bxc5 44. Nxc5 Nxc5 45. Bc4+ Kh8 46. Rxa7
Nxe4 47. a4 Rd1+ 48. Kg2 g4 49. a5 Rd2 50. a6 Rd8 51. Rc7 Nd6 52. Be2 Nc8 53.
Rxc6 Kg7 54. Bc4 Kg6 55. Rxc8 Rxc8 56. Bd5 f5 57. a7 f4 58. a8=Q Rxa8 59. Bxa8
Kg5 60. Bd5 h4 61. gxh4+ Kxh4 62. Be4 Kg5 63. Kf1 f3 64. Bc6 Kf4 65. Kg1 g3 66.
fxg3+ Kxg3 67. Kf1 Kf4 68. Bb7 e4 69. Bxe4 Kxe4 70. Kf2 Kf4 71. Kf1 Ke5 1/2-1/2

[Event "LEM 2017"]
[Site "Magdeburg"]
[Date "2017.05.25"]
[Round "1.3"]
[White "Muehlen, Thomas"]
[Black "Heyder, Florian"]
[Result "1-0"]
[WhiteElo "1826"]
[BlackElo "2186"]
[PlyCount "79"]
[EventDate "2017.??.??"]
[WhiteTeam "TSG Calbe"]
[BlackTeam "SV Sangerhausen"]

1. d4 f5 2. Nf3 Nf6 3. c4 e6 4. Bg5 Be7 5. Nc3 d6 6. e3 O-O 7. Be2 Nbd7 8. O-O
e5 9. dxe5 dxe5 10. Qc2 Ne8 11. Bxe7 Qxe7 12. Rad1 c6 13. Rd2 g6 14. Rfd1 Nef6
15. Ne1 e4 16. g3 Ne5 17. Qa4 Be6 18. Nc2 Qf7 19. b3 g5 20. Qa5 Neg4 21. h3 b6
22. Qa3 Ne5 23. Qd6 Ng6 24. Nd4 Rae8 25. Qxc6 f4 26. Bf1 Ne5 27. Qd6 Bc8 28.
exf4 gxf4 29. Nd5 Nh5 30. Kh2 e3 31. Re2 fxg3+ 32. fxg3 Qg7 33. Rxe3 Ng6 34.
Rxe8 Rxe8 35. Bg2 Ne5 36. g4 Nf7 37. Qc7 Bxg4 38. hxg4 Qxg4 39. Rf1 Ng5 40. Nf5
1-0

[Event "LEM 2017"]
[Site "?"]
[Date "2017.05.25"]
[Round "1.4"]
[White "Hartge, Gedeon"]
[Black "Hentzgen, Thomas"]
[Result "1/2-1/2"]
[WhiteElo "2093"]
[BlackElo "2009"]
[PlyCount "64"]
[EventDate "2017.??.??"]

1. d4 f5 2. c4 Nf6 3. g3 e6 4. Bg2 c6 5. Nh3 d5 6. O-O Be7 7. b3 O-O 8. Bb2 a5
9. Nd2 a4 10. f3 a3 11. Bc3 c5 12. e3 Nc6 13. f4 Ne4 14. Nxe4 dxe4 15. Qd2 cxd4
16. exd4 Bf6 17. Rfd1 Qe7 18. Qe3 Rd8 19. Rd2 Bd7 20. Bf1 Be8 21. Be2 Nb4 22.
Ng5 Bf7 23. Rad1 Rac8 24. Kg2 h6 25. Nxf7 Kxf7 26. Bxb4 Qxb4 27. d5 exd5 28.
Rxd5 g6 29. h4 Rxd5 30. Rxd5 Rd8 31. Rxd8 Bxd8 32. Qd4 Be7 1/2-1/2

[Event "LEM 2017"]
[Site "?"]
[Date "2017.05.25"]
[Round "2.1"]
[White "Schuetze, Norman"]
[Black "Hentzgen, Thomas"]
[Result "1-0"]
[WhiteElo "2295"]
[BlackElo "2009"]
[PlyCount "81"]
[EventDate "2017.??.??"]

1. e4 g6 2. d4 Bg7 3. Nf3 d6 4. Bc4 Nf6 5. Qe2 c6 6. e5 dxe5 7. dxe5 Nd5 8. O-O
O-O 9. h3 Nb6 10. Bb3 a5 11. a3 Na6 12. Be3 Qc7 13. Nc3 c5 14. Rfe1 Qc6 15.
Rad1 Nc7 16. Bg5 Re8 17. Ne4 Be6 18. c4 a4 19. Ba2 h6 20. Bxe7 Rxe7 21. Rd6 Qe8
22. Rxb6 Na6 23. Qe3 Qd8 24. Rb5 b6 25. Nf6+ Kh8 26. Nd5 Rb7 27. Nf4 Nc7 28.
Nxe6 Nxe6 29. b4 Nc7 30. bxc5 Nxb5 31. c6 Re7 32. cxb5 Qc7 33. e6 Rd8 34. Qe4
Qd6 35. Qxa4 Qc5 36. Qb3 Bd4 37. Nxd4 Rxd4 38. Qe3 Qd6 39. Qxh6+ Kg8 40. exf7+
Rxf7 41. Re8+ 1-0

[Event "LEM 2017"]
[Site "?"]
[Date "2017.05.25"]
[Round "2.2"]
[White "Heyder, Florian"]
[Black "Hartge, Gedeon"]
[Result "1/2-1/2"]
[WhiteElo "2186"]
[BlackElo "2093"]
[PlyCount "167"]
[EventDate "2017.??.??"]

1. d4 Nf6 2. Nc3 d5 3. Bf4 c6 4. e3 Bf5 5. f3 h6 6. g4 Bh7 7. Bd3 Nbd7 8. Bxh7
Nxh7 9. Qd3 e5 10. dxe5 Nc5 11. Qd2 Ng5 12. O-O-O Be7 13. h4 Nge6 14. Bg3 b5
15. Nce2 b4 16. Nd4 Qa5 17. Kb1 Nxd4 18. exd4 Na4 19. Ne2 Rb8 20. Ka1 Rb6 21.
Qd3 O-O 22. Be1 Rfb8 23. b3 c5 24. dxc5 Nxc5 25. Qd2 Ra6 26. Nc1 d4 27. Kb1 Ne6
28. f4 Rc8 29. Bf2 Rac6 30. Bxd4 Rxc2 31. Qe3 Nxd4 32. Qxd4 Qa3 33. g5 Bc5 34.
Qd8+ Rxd8 35. Rxd8+ Kh7 36. Kxc2 Be3 37. f5 Bxc1 38. Rxc1 Qxa2+ 39. Kd3 Qxb3+
40. Ke4 Qg3 41. g6+ fxg6 42. fxg6+ Qxg6+ 43. Kf4 Qf7+ 44. Ke4 Qe7 45. Rcc8
Qxh4+ 46. Kd5 b3 47. Rb8 Qh1+ 48. Kd6 Qd1+ 49. Ke7 Qc1 50. Rd7 a5 51. e6 Qg5+
52. Ke8 Qg6+ 53. Kf8 Qxe6 54. Rxg7+ Kh8 55. Rgb7 a4 56. Re8 Qd6+ 57. Kf7+ Kh7
58. Re6 Qd5 59. Rc7 Qd8 60. Ree7 h5 61. Rc5 Qxe7+ 62. Kxe7 a3 63. Rxh5+ Kg6 64.
Rb5 a2 65. Rxb3 a1=Q 66. Rb6+ Kg7 67. Rd6 Qe5+ 68. Kd7 Kf7 69. Kc6 Ke7 70. Rd5
Qe4 71. Kc5 Ke6 72. Rd4 Qe3 73. Kc4 Ke5 74. Rd3 Qe2 75. Kc3 Ke4 76. Rd4+ Ke3
77. Rb4 Qd3+ 78. Kb2 Kd2 79. Rb3 Qc2+ 80. Ka3 Qc5+ 81. Ka2 Qc4 82. Ka3 Kc2 83.
Rb2+ Kc3 84. Rc2+ 1/2-1/2

[Event "LEM 2017"]
[Site "?"]
[Date "2017.05.25"]
[Round "2.3"]
[White "Goergens, Michael"]
[Black "Muehlen, Thomas"]
[Result "1-0"]
[WhiteElo "2021"]
[BlackElo "1972"]
[PlyCount "73"]
[EventDate "2017.??.??"]

1. e4 e6 2. Nc3 d5 3. d3 Bb4 4. Bd2 Ne7 5. Qg4 Ng6 6. exd5 Bxc3 7. Bxc3 O-O 8.
dxe6 Re8 9. Qd4 Rxe6+ 10. Kd2 Qf8 11. f4 c5 12. Qf2 f5 13. g3 Nc6 14. Bg2 Kh8
15. Nf3 Bd7 16. Rae1 Rd8 17. h4 Kg8 18. h5 Nh8 19. Ng5 Rd6 20. Be5 h6 21. Bxd6
Qxd6 22. Nf3 c4 23. Ne5 Qb4+ 24. Kc1 c3 25. Bd5+ Kh7 26. Bb3 Nd4 27. Nxd7 Rxd7
28. Re8 Nf7 29. Rc8 Qb6 30. Qe1 cxb2+ 31. Kxb2 Nd6 32. Ra8 Rc7 33. c3 a6 34.
Qg1 Rxc3 35. Kxc3 Ne2+ 36. Kd2 Nxg1 37. Bg8+ 1-0

[Event "LEM 2017"]
[Site "?"]
[Date "2017.05.25"]
[Round "2.4"]
[White "Paul, Johannes"]
[Black "Ozeran, Volodymyr"]
[Result "1-0"]
[WhiteElo "2304"]
[BlackElo "2119"]
[PlyCount "95"]
[EventDate "2017.??.??"]

1. d4 d5 2. c4 c6 3. Nf3 Nf6 4. e3 Bf5 5. Nc3 e6 6. Qb3 Qb6 7. c5 Qc7 8. Nh4
Bg6 9. f4 Be7 10. Nxg6 hxg6 11. Be2 Nbd7 12. Bd2 b6 13. cxb6 axb6 14. Rc1 c5
15. Bf3 c4 16. Qc2 Rb8 17. Nb5 Qd8 18. e4 O-O 19. e5 Ne8 20. b3 Rc8 21. O-O Nb8
22. Be2 Nc6 23. bxc4 dxc4 24. Qxc4 Na7 25. Qa4 Nxb5 26. Bxb5 Nc7 27. Bc6 Nd5
28. Kh1 Rc7 29. Qb5 Ra7 30. a4 Qb8 31. Bxd5 exd5 32. Rc6 Qa8 33. Ra1 Rb8 34. h3
Bf8 35. e6 fxe6 36. Rxe6 Kh7 37. Qd3 Rxa4 38. Rae1 Ra1 39. Qxg6+ Kg8 40. f5
Rxe1+ 41. Bxe1 Qb7 42. Bg3 Rc8 43. f6 Qf7 44. fxg7 Qxg7 45. Be5 Qxg6 46. Rxg6+
Kf7 47. Rf6+ Kg8 48. Rxb6 1-0

[Event "LEM 2017"]
[Site "?"]
[Date "2017.05.26"]
[Round "3.1"]
[White "Ozeran, Volodymyr"]
[Black "Schuetze, Norman"]
[Result "0-1"]
[WhiteElo "2119"]
[BlackElo "2295"]
[PlyCount "78"]
[EventDate "2017.??.??"]

1. d4 Nf6 2. Nf3 d5 3. g3 g6 4. Bg2 Bg7 5. O-O O-O 6. c4 dxc4 7. Na3 Nc6 8.
Nxc4 Be6 9. Nce5 Nxe5 10. Nxe5 c6 11. e3 Bd5 12. Bd2 Bxg2 13. Kxg2 Ne4 14. Nf3
a5 15. a4 Qd5 16. Qe2 Rfd8 17. Rfd1 Rd6 18. Kg1 Rf6 19. Be1 Qh5 20. Kg2 Qd5 21.
Kg1 Nxg3 22. hxg3 Qxf3 23. Qxf3 Rxf3 24. Rac1 Rf5 25. e4 Rf3 26. Bc3 g5 27. Kg2
g4 28. Rh1 f5 29. Rce1 b5 30. Re3 b4 31. Be1 Bxd4 32. Rxf3 gxf3+ 33. Kxf3 fxe4+
34. Kxe4 Bxb2 35. Rh6 Bf6 36. Rh5 b3 37. Bd2 Rd8 38. Ke3 b2 39. Rh1 Rd4 0-1

[Event "LEM 2017"]
[Site "?"]
[Date "2017.05.26"]
[Round "3.2"]
[White "Muehlen, Thomas"]
[Black "Paul, Johannes"]
[Result "0-1"]
[WhiteElo "1972"]
[BlackElo "2304"]
[PlyCount "76"]
[EventDate "2017.??.??"]

1. d4 Nf6 2. Nf3 g6 3. Bg5 Bg7 4. Nbd2 d6 5. e4 h6 6. Bh4 g5 7. Bg3 Nh5 8. Be2
c5 9. dxc5 Nxg3 10. hxg3 Bxb2 11. Rb1 Bg7 12. cxd6 Qxd6 13. O-O Nc6 14. Bc4 g4
15. Nh4 h5 16. Nb3 Qc7 17. a3 e6 18. Bb5 a6 19. Bxc6+ Qxc6 20. f3 b5 21. fxg4
Qxe4 22. Rf4 Qe3+ 23. Kh2 Be5 24. Rf3 Qg5 25. Kg1 hxg4 26. Rd3 Bb7 27. Qe2 Bxg3
28. Rxg3 Qxh4 29. Kf2 Qf6+ 30. Kg1 Qh4 31. Kf2 Rc8 32. Qd3 Rh5 33. Re1 Rc4 34.
Ree3 Qf6+ 35. Kg1 Rf4 36. c3 Qh6 37. Ref3 Bxf3 38. gxf3 Rh1+ 0-1

[Event "LEM 2017"]
[Site "?"]
[Date "2017.05.26"]
[Round "3.3"]
[White "Hartge, Gedeon"]
[Black "Goergens, Michael"]
[Result "1/2-1/2"]
[WhiteElo "2093"]
[BlackElo "2021"]
[PlyCount "119"]
[EventDate "2017.??.??"]

1. d4 Nf6 2. c4 g6 3. f3 c6 4. e4 d6 5. Ne2 e5 6. Nbc3 Na6 7. Bg5 Be7 8. Qd2
Qa5 9. h4 h5 10. Rd1 Be6 11. Nc1 Rd8 12. Nb3 Qc7 13. Rc1 Bc8 14. Be2 Nb8 15.
O-O Ng8 16. d5 Bxg5 17. hxg5 Qe7 18. Bd3 h4 19. Rf2 Rh5 20. f4 Nd7 21. Be2 Rh7
22. dxc6 bxc6 23. Na5 Nb8 24. f5 gxf5 25. exf5 Qc7 26. Ne4 Na6 27. g6 Rg7 28.
gxf7+ Kxf7 29. Bh5+ Kf8 30. f6 Rh7 31. Bg6 Rh8 32. b4 Nh6 33. b5 Nc5 34. Nxc6
Nxe4 35. Bxe4 Rd7 36. Bd5 Ng4 37. Be6 Nxf2 38. Qxf2 Rdh7 39. Bxc8 Qxc8 40. Ne7
Qg4 41. Kh2 Kf7 42. Nd5 Rg8 43. Qxa7+ Ke6 44. Qf2 Qg3+ 45. Kg1 h3 46. Qxg3 Rxg3
47. Rc2 Rd3 48. gxh3 Rhxh3 49. b6 Rd1+ 50. Kg2 Rdh1 51. b7 R3h2+ 52. Kf3 Rh8
53. Rb2 R1h3+ 54. Kg4 R8h4+ 55. Kg5 Rh5+ 56. Kg4 R3h4+ 57. Kg3 Rh3+ 58. Kg4
R5h4+ 59. Kg5 Rh5+ 60. Kg4 1/2-1/2

[Event "LEM 2017"]
[Site "?"]
[Date "2017.05.26"]
[Round "3.4"]
[White "Hentzgen, Thomas"]
[Black "Heyder, Florian"]
[Result "0-1"]
[WhiteElo "2009"]
[BlackElo "2186"]
[PlyCount "106"]
[EventDate "2017.??.??"]

1. c4 Nf6 2. Nc3 e5 3. g3 Bb4 4. Nf3 e4 5. Nd4 Nc6 6. Nc2 Bxc3 7. bxc3 O-O 8.
Bg2 Re8 9. O-O d6 10. Ne3 Na5 11. f3 Bd7 12. fxe4 Nxe4 13. Rf4 Nf6 14. Qf1 Qe7
15. Ba3 Be6 16. Re1 Nd7 17. Nd5 Qd8 18. Bb4 c5 19. Ba3 Ne5 20. d3 Rc8 21. Be4
Qd7 22. Bc1 Nac6 23. Rh4 f5 24. Bg2 Ng6 25. Rh5 Nce5 26. Bf4 Qf7 27. Rh3 b5 28.
Bxe5 dxe5 29. g4 f4 30. Bf3 bxc4 31. dxc4 e4 32. Bxe4 Bxg4 33. Bd3 Bxh3 34.
Qxh3 f3 35. Rf1 fxe2 36. Bxe2 Qb7 37. Bd3 Qa6 38. Qg2 Ne5 39. Qe4 Nxd3 40. Qxd3
Qg6+ 41. Qxg6 hxg6 42. Rf2 Re4 43. Kg2 Rce8 44. Nc7 R8e7 45. Nd5 R7e5 46. Kf3
Rxc4 47. Rd2 g5 48. h3 Kh7 49. Kg3 Kh6 50. Kf3 Kh5 51. Kg3 a5 52. Kh2 Kh4 53.
Kg2 Rce4 0-1

[Event "LEM 2017"]
[Site "?"]
[Date "2017.05.26"]
[Round "4.1"]
[White "Schuetze, Norman"]
[Black "Heyder, Florian"]
[Result "1-0"]
[WhiteElo "2295"]
[BlackElo "2186"]
[PlyCount "109"]
[EventDate "2017.??.??"]

1. e4 e5 2. Nf3 d6 3. d4 exd4 4. Nxd4 Nf6 5. Nc3 Be7 6. Be2 O-O 7. Bf4 Re8 8.
Qd2 Nc6 9. O-O-O Nxd4 10. Qxd4 Be6 11. Qd2 a6 12. Kb1 b5 13. f3 Qb8 14. g4 b4
15. Nd5 Nxd5 16. exd5 Bd7 17. g5 Bh3 18. Bd3 a5 19. Qf2 Qc8 20. Rhe1 Qd7 21.
Re3 g6 22. Rde1 Bf8 23. Qe2 Reb8 24. Be4 a4 25. Qc4 Ra5 26. R3e2 Bg7 27. Be3
Qd8 28. Bd4 Bxd4 29. Qxd4 Bd7 30. h4 b3 31. cxb3 axb3 32. a3 Qf8 33. Rc1 Rc5
34. Re3 Rxc1+ 35. Kxc1 Qg7 36. Qxg7+ Kxg7 37. Rc3 Rb7 38. Kd2 f6 39. Rc4 Be8
40. f4 Bf7 41. Kc3 h6 42. Rb4 Ra7 43. Rxb3 c6 44. Rb6 cxd5 45. Bd3 fxg5 46.
fxg5 Ra4 47. Rb4 Ra7 48. Kd4 hxg5 49. hxg5 Kf8 50. a4 Ke7 51. b3 Ke6 52. Rb8
Ke7 53. Bb5 Ke6 54. b4 Kf5 55. a5 1-0

[Event "LEM 2017"]
[Site "?"]
[Date "2017.05.26"]
[Round "4.2"]
[White "Goergens, Michael"]
[Black "Hentzgen, Thomas"]
[Result "1/2-1/2"]
[WhiteElo "2021"]
[BlackElo "2009"]
[PlyCount "138"]
[EventDate "2017.??.??"]

1. e4 c5 2. Nc3 Nc6 3. g3 g6 4. Bg2 Bg7 5. d3 d6 6. Be3 Nd4 7. Qd2 Qa5 8. h3
Bd7 9. f4 e6 10. Nf3 Ne7 11. O-O O-O 12. g4 f5 13. a3 Qc7 14. Rae1 Rac8 15. Nd1
Ba4 16. b3 Bd7 17. Qf2 Nxf3+ 18. Bxf3 Nc6 19. c3 Qa5 20. Qb2 a6 21. Re2 b5 22.
b4 cxb4 23. axb4 Qc7 24. Qa3 Nb8 25. Rc2 Bc6 26. Qa2 Qe7 27. Kg2 Kh8 28. Re1
Rce8 29. exf5 Bxf3+ 30. Kxf3 Qb7+ 31. Kg3 gxf5 32. g5 e5 33. Rce2 Nd7 34. d4
Nb6 35. dxe5 dxe5 36. h4 Nd5 37. Qd2 exf4+ 38. Bxf4 Rxe2 39. Rxe2 Nxf4 40. Qxf4
Qh1 41. Nf2 Qg1+ 42. Kf3 Bxc3 43. Qd6 Bg7 44. Qxa6 Qh2 45. Qxb5 Qxh4 46. Re7
Qh5+ 47. Kf4 Qh4+ 48. Kf3 Qh5+ 49. Kf4 h6 50. Rxg7 Kxg7 51. Qd7+ Rf7 52. Qd4+
Kh7 53. gxh6 Qxh6+ 54. Kf3 Qh5+ 55. Kf4 Qh4+ 56. Ke3 Qxd4+ 57. Kxd4 Kg6 58. b5
Kg5 59. b6 Kf4 60. Nd3+ Kg3 61. Kc5 Rf8 62. b7 Kf3 63. Ne5+ Ke4 64. Ng6 Rb8 65.
Kc6 f4 66. Nxf4 Kxf4 67. Kc7 Rh8 68. b8=Q Rxb8 69. Kxb8 Ke5 1/2-1/2

[Event "LEM 2017"]
[Site "?"]
[Date "2017.05.26"]
[Round "4.3"]
[White "Paul, Johannes"]
[Black "Hartge, Gedeon"]
[Result "1-0"]
[WhiteElo "2304"]
[BlackElo "2093"]
[PlyCount "129"]
[EventDate "2017.??.??"]

1. d4 Nf6 2. c4 c5 3. d5 b5 4. cxb5 a6 5. bxa6 g6 6. Nc3 Bg7 7. e4 O-O 8. Be2
Qa5 9. Bd2 Bxa6 10. e5 Ne8 11. Nf3 d6 12. e6 fxe6 13. Ng5 Qb6 14. Nxe6 Rf5 15.
O-O Nd7 16. b3 Bxe2 17. Qxe2 Re5 18. Qd3 Nc7 19. Nxg7 Kxg7 20. Rae1 Nf6 21.
Rxe5 dxe5 22. Re1 Qd6 23. Qe2 Ncxd5 24. Qxe5 Kf7 25. Qe2 Qa6 26. Qf3 Rd8 27.
Bg5 Qa5 28. Bd2 Qa6 29. h3 Nb4 30. Bg5 Nc2 31. Qe2 Qxe2 32. Rxe2 Nd4 33. Re1
Ne6 34. Be3 Rd3 35. Rc1 Nd7 36. Kf1 Ne5 37. Ne4 c4 38. bxc4 Ra3 39. Rc2 Ra4 40.
Nd2 Nc6 41. Rb2 Ke8 42. Ke2 Kd7 43. Kd1 Ne5 44. Kc2 Nxc4 45. Nxc4 Rxc4+ 46. Kb3
Re4 47. a4 Kc6 48. Rc2+ Kb7 49. Rc4 Re5 50. Kb4 g5 51. h4 h6 52. Kc3 Nc7 53.
Rb4+ Kc8 54. Kd4 Rd5+ 55. Ke4 e6 56. Kf3 Rf5+ 57. Kg4 Nd5 58. Rc4+ Kb7 59. hxg5
hxg5 60. Kh5 Nf6+ 61. Kg6 Nd7 62. Re4 Ne5+ 63. Kg7 Rf7+ 64. Kg8 Rf5 65. g4 1-0

[Event "LEM 2017"]
[Site "?"]
[Date "2017.05.26"]
[Round "4.4"]
[White "Ozeran, Volodymyr"]
[Black "Muehlen, Thomas"]
[Result "1-0"]
[WhiteElo "2119"]
[BlackElo "1972"]
[PlyCount "57"]
[EventDate "2017.??.??"]

1. d4 Nf6 2. Nf3 d5 3. g3 Bf5 4. Bg2 e6 5. O-O Be7 6. c4 c6 7. Nc3 O-O 8. Bg5
h6 9. Bf4 Nbd7 10. b3 Ne4 11. Nxe4 Bxe4 12. Qd2 g5 13. Be3 Qc7 14. Ne1 Bxg2 15.
Nxg2 f6 16. f4 dxc4 17. bxc4 Rad8 18. Qc2 f5 19. g4 c5 20. gxf5 exf5 21. fxg5
cxd4 22. Bxd4 Ne5 23. e3 Qxc4 24. Qb2 Nc6 25. Bg7 Rf7 26. Bxh6 Qg4 27. Rf4 Rd1+
28. Kf2 Qh5 29. Rh4 1-0

[Event "LEM 2017"]
[Site "?"]
[Date "2017.05.27"]
[Round "5.1"]
[White "Muehlen, Thomas"]
[Black "Schuetze, Norman"]
[Result "0-1"]
[WhiteElo "1972"]
[BlackElo "2295"]
[PlyCount "68"]
[EventDate "2017.??.??"]

1. d4 Nf6 2. Nf3 g6 3. Bf4 Bg7 4. h3 c5 5. c3 cxd4 6. cxd4 Qb6 7. Qb3 Qxb3 8.
axb3 Nc6 9. Nc3 O-O 10. Kd2 d6 11. e4 e5 12. dxe5 dxe5 13. Be3 Rd8+ 14. Kc1 Nd4
15. Bc4 Be6 16. Bxe6 fxe6 17. Nd2 Nd7 18. Bxd4 exd4 19. Ne2 Nc5 20. Rf1 e5 21.
f4 d3 22. Nc3 exf4 23. b4 Ne6 24. Nb3 Rac8 25. Kd2 Rc4 26. b5 Rb4 27. Ra3 Bxc3+
28. bxc3 Rxb5 29. Rf3 Rg5 30. Rf2 a6 31. c4 Re5 32. Na5 Nc5 33. Rxf4 Nxe4+ 34.
Kd1 d2 0-1

[Event "LEM 2017"]
[Site "?"]
[Date "2017.05.27"]
[Round "5.2"]
[White "Hartge, Gedeon"]
[Black "Ozeran, Volodymyr"]
[Result "1/2-1/2"]
[WhiteElo "2093"]
[BlackElo "2119"]
[PlyCount "72"]
[EventDate "2017.??.??"]

1. d4 d5 2. c4 c6 3. Nc3 Nf6 4. e3 e6 5. Nf3 Nbd7 6. Qc2 Bd6 7. b3 O-O 8. Be2
b6 9. Bb2 Bb7 10. O-O Rc8 11. Rad1 Qc7 12. Qb1 Ba6 13. Rfe1 Qb7 14. Bf1 Rfe8
15. e4 dxe4 16. Nxe4 Be7 17. Ng3 Rcd8 18. Bd3 h6 19. Qc1 b5 20. Ne5 bxc4 21.
Nxc4 Bb4 22. Re2 Nb6 23. a3 Bxc4 24. bxc4 Bf8 25. Qe3 Nbd7 26. Qf3 Rb8 27. Ne4
Qb3 28. Rde1 Nxe4 29. Qxe4 Nf6 30. Qf3 Be7 31. h3 Qb7 32. g4 Kf8 33. Rb1 c5 34.
d5 Qa8 35. Bxf6 Rxb1+ 36. Bxb1 Bxf6 1/2-1/2

[Event "LEM 2017"]
[Site "?"]
[Date "2017.05.27"]
[Round "5.3"]
[White "Hentzgen, Thomas"]
[Black "Paul, Johannes"]
[Result "0-1"]
[WhiteElo "2009"]
[BlackElo "2304"]
[PlyCount "98"]
[EventDate "2017.??.??"]

1. f4 c5 2. Nf3 Nf6 3. g3 Nc6 4. Bg2 d5 5. d3 g6 6. O-O Bg7 7. Nc3 d4 8. Na4
Qa5 9. c4 dxc3 10. Nxc3 O-O 11. Bd2 Rb8 12. Ng5 Qc7 13. Rc1 Bd7 14. Kh1 b6 15.
Nf3 Rbc8 16. h3 e5 17. fxe5 Nxe5 18. Bf4 Nh5 19. Nd5 Qd6 20. Ng5 Bc6 21. Ne4
Qxd5 22. Nf6+ Nxf6 23. Bxd5 Nxd5 24. Kh2 Nxf4 25. gxf4 Nd7 26. Qb3 Nf6 27. e4
Nh5 28. Rf3 Nxf4 29. Rcf1 g5 30. Kh1 Ba8 31. Rxf4 gxf4 32. Rxf4 Rc6 33. Kg2
Rg6+ 34. Rg4 Bc6 35. a4 Rd8 36. Rxg6 hxg6 37. Kf2 Bd4+ 38. Kg3 Kg7 39. Qc2 Rh8
40. b4 Bd7 41. bxc5 Rxh3+ 42. Kg2 bxc5 43. Qc4 a5 44. Qa6 Bg4 45. Qxa5 Rxd3 46.
Qc7 Bf3+ 47. Kh2 Bxe4 48. a5 Re3 49. a6 g5 0-1

[Event "LEM 2017"]
[Site "?"]
[Date "2017.05.27"]
[Round "5.4"]
[White "Heyder, Florian"]
[Black "Goergens, Michael"]
[Result "1-0"]
[WhiteElo "2186"]
[BlackElo "2021"]
[PlyCount "65"]
[EventDate "2017.??.??"]

1. d4 Nf6 2. e3 d5 3. f4 Ne4 4. Nf3 Bg4 5. Be2 e6 6. O-O h5 7. Nbd2 Nd7 8. Nxe4
dxe4 9. Ng5 Nf6 10. Bxg4 hxg4 11. c4 Qd7 12. Qc2 Qc6 13. Bd2 Rh5 14. b4 a6 15.
a4 Bd6 16. b5 Qd7 17. Nxe4 axb5 18. axb5 Rxa1 19. Rxa1 Nxe4 20. Qxe4 f5 21. Qd3
g5 22. g3 Qh7 23. Qe2 Kd7 24. c5 gxf4 25. exf4 Qh8 26. Ra4 Bf8 27. Be3 Bg7 28.
Qd2 Ke7 29. Ra7 Qb8 30. Qa2 Rh8 31. b6 c6 32. Qa6 Qe8 33. Qxb7+ 1-0

[Event "LEM 2017"]
[Site "?"]
[Date "2017.05.27"]
[Round "6.1"]
[White "Schuetze, Norman"]
[Black "Goergens, Michael"]
[Result "1/2-1/2"]
[WhiteElo "2295"]
[BlackElo "2021"]
[PlyCount "276"]
[EventDate "2017.??.??"]

1. e4 e6 2. d4 d5 3. Nc3 dxe4 4. Nxe4 Nf6 5. Nxf6+ Qxf6 6. Nf3 h6 7. g3 b6 8.
Bg2 Bb7 9. O-O Nd7 10. c4 Bd6 11. Bd2 Rd8 12. Bc3 O-O 13. c5 Bxf3 14. Qxf3 Qxf3
15. Bxf3 bxc5 16. dxc5 Nxc5 17. Rac1 Na4 18. Ba5 Nxb2 19. Bxc7 Bxc7 20. Rxc7
Rd3 21. Be2 Ra3 22. Rb1 Rxa2 23. Rb7 Na4 24. Bc4 Rd2 25. Rxa7 Nb2 26. Bf1 Rc8
27. Ra3 g6 28. h4 g5 29. hxg5 hxg5 30. Re1 Rcc2 31. Re5 Rxf2 32. Rxg5+ Kf8 33.
Rg4 Ke7 34. Rd4 Rf5 35. Bh3 Rfc5 36. Ra7+ Rc7 37. Rxc7+ Rxc7 38. Bf1 Rc2 39.
Bb5 e5 40. Rd7+ Ke6 41. Rb7 e4 42. Be8 e3 43. Bxf7+ Kf6 44. Bh5 e2 45. Bxe2
Rxe2 46. Rb8 Nd3 47. Kf1 Rf2+ 48. Kg1 Rd2 49. Kf1 Kf5 50. Re8 Kg4 51. Re2 Rd1+
52. Kg2 Nc5 53. Rf2 Ne6 54. Re2 Ng5 55. Rf2 Nh3 56. Rb2 Ng5 57. Rb4+ Kh5 58.
Rh4+ Kg6 59. Rf4 Rd3 60. Rf8 Ne4 61. Rg8+ Kf5 62. Rf8+ Nf6 63. Ra8 Ke4 64. Ra4+
Ke3 65. Ra2 Ne4 66. Rb2 Ra3 67. Rb8 Ra2+ 68. Kh3 Nf2+ 69. Kg2 Ne4+ 70. Kh3 Kf2
71. Re8 Ra4 72. Kh2 Ng5 73. Rb8 Nf3+ 74. Kh3 Ng1+ 75. Kh2 Ra7 76. Rb2+ Ne2 77.
Kh3 Rh7+ 78. Kg4 Rg7+ 79. Kh4 Kf3 80. Rb3+ Ke4 81. Rb4+ Nd4 82. Kh3 Ke3 83. Ra4
Nf5 84. Ra3+ Kf2 85. Ra2+ Kf3 86. Ra3+ Ne3 87. Kh4 Rg4+ 88. Kh5 Rxg3 89. Rb3
Kf4 90. Rb4+ Ke5 91. Rb5+ Nd5 92. Ra5 Ke4 93. Kh4 Rg8 94. Ra4+ Kf3 95. Ra3+ Ne3
96. Kh5 Kf4 97. Ra4+ Kf3 98. Ra3 Kf2 99. Ra2+ Kg1 100. Ra5 Kh2 101. Rg5 Rf8
102. Kg6 Kh3 103. Kg7 Rf3 104. Ra5 Kh4 105. Kg6 Ng4 106. Rb5 Rf6+ 107. Kg7 Re6
108. Kf7 Rh6 109. Kg7 Ra6 110. Rb4 Kg5 111. Rb5+ Kf4 112. Rb4+ Kf5 113. Rb5+
Ne5 114. Kh7 Rf6 115. Ra5 Rc6 116. Kg7 Rc7+ 117. Kh6 Rb7 118. Rc5 Kf6 119. Ra5
Rb8 120. Ra6+ Kf5 121. Ra5 Rg8 122. Kh7 Rg5 123. Kh6 Rg3 124. Kh7 Kf6 125. Ra6+
Kg5 126. Ra5 Kf5 127. Kh6 Ke6 128. Ra6+ Ke7 129. Ra7+ Nd7 130. Kh5 Rg1 131. Kh4
Ke6 132. Ra6+ Kf5 133. Ra5+ Ne5 134. Kh3 Kf4 135. Ra4+ Ke3 136. Ra3+ Nd3 137.
Kh4 Ke4 138. Ra4+ Kf5 1/2-1/2

[Event "LEM 2017"]
[Site "?"]
[Date "2017.05.27"]
[Round "6.2"]
[White "Paul, Johannes"]
[Black "Heyder, Florian"]
[Result "1/2-1/2"]
[WhiteElo "2304"]
[BlackElo "2186"]
[PlyCount "23"]
[EventDate "2017.??.??"]

1. Nf3 e6 2. c4 c5 3. Nc3 Nf6 4. g3 b6 5. Bg2 Bb7 6. O-O Be7 7. Re1 Ne4 8. Qc2
Nxc3 9. dxc3 Qc7 10. e4 d6 11. Bg5 Nc6 12. Bxe7 1/2-1/2

[Event "LEM 2017"]
[Site "?"]
[Date "2017.05.27"]
[Round "6.3"]
[White "Ozeran, Volodymyr"]
[Black "Hentzgen, Thomas"]
[Result "0-1"]
[WhiteElo "2119"]
[BlackElo "2009"]
[PlyCount "80"]
[EventDate "2017.??.??"]

1. d4 Nf6 2. Nf3 g6 3. g3 Bg7 4. Bg2 O-O 5. O-O d6 6. Re1 Nbd7 7. c3 Rb8 8. a4
a6 9. b3 e5 10. dxe5 Nxe5 11. Ba3 Re8 12. Ra2 Nxf3+ 13. Bxf3 Be6 14. Rd2 Nd7
15. c4 Qc8 16. Qc1 Bh6 17. e3 Ne5 18. Bg2 Bg4 19. Bb2 Nf3+ 20. Bxf3 Bxf3 21.
Qc3 Re5 22. e4 Qg4 23. Rd3 Bxe4 24. f3 Bxf3 25. Rxe5 dxe5 26. Qxe5 f6 27. Qxf6
Qe4 28. Qh8+ Kf7 29. Qxh7+ Ke8 30. Qd7+ Kf8 31. Rxf3+ Qxf3 32. Bd4 Be3+ 33.
Bxe3 Qxe3+ 34. Kg2 Qe4+ 35. Kh3 Qxb1 36. Qxc7 Qf5+ 37. g4 Qf3+ 38. Kh4 Re8 39.
Kg5 Qe3+ 40. Kh4 Qe7+ 0-1

[Event "LEM 2017"]
[Site "?"]
[Date "2017.05.27"]
[Round "6.4"]
[White "Muehlen, Thomas"]
[Black "Hartge, Gedeon"]
[Result "1/2-1/2"]
[WhiteElo "1972"]
[BlackElo "2093"]
[PlyCount "39"]
[EventDate "2017.??.??"]

1. d4 Nf6 2. Nf3 c5 3. e3 d5 4. c3 Nc6 5. Nbd2 e6 6. Bd3 Be7 7. O-O O-O 8. Qe2
Qc7 9. dxc5 Bxc5 10. e4 dxe4 11. Nxe4 Be7 12. Nxf6+ Bxf6 13. Qe4 g6 14. Bh6 Rd8
15. Rad1 e5 16. Qe3 Qb6 17. Qxb6 axb6 18. a3 Be6 19. Be2 Be7 20. Be3 1/2-1/2